• 首页
  • 本馆介绍
  • 公告通知
  • 最新文献
  • 馆藏检索
  • 电子资源
  • 读者导购
  • 参考咨询
  • 我的图书馆
  • 登录
  • 详细信息显示
  • 放入我的书架
  • 预约/预借图书
  • 作者相关作品
  • 分类相关作品
  • 丛书相关作品
  • 出版社相关作品

书目信息

  • 表格格式
  • 工作单格式
  • 卡片格式
题名:
京沪高铁上海虹桥站工程施工组织技术研究与实践
    
 
作者: 陈东杰 , 钱培 , 徐伟 主编 ;俞敏 , 周琼 参编
分册:  
出版信息: 北京   中国建筑工业出版社  2012
页数: 14, 353页
开本: 27cm
丛书名:
单 册:
中图分类: U238
科图分类:
主题词: 高速铁路--gao su tie lu--铁路车站--工程施工--施工组织--上海市
电子资源:
ISBN: 978-7-112-14422-8
000 01262nam0 2200289 450
001 2357833940
005 20231205160406.06
010    @a978-7-112-14422-8@b精装@dCNY60.00
100    @a20130318d2012 em y0chiy50 ea
101 0  @achi
102    @aCN@b110000
105    @aak a 000yy
200 1  @a京沪高铁上海虹桥站工程施工组织技术研究与实践@Ajing hu gao tie shang hai hong qiao zhan gong cheng shi gong zu zhi ji shu yan jiu yu shi jian@f陈东杰, 钱培, 徐伟主编
210    @a北京@c中国建筑工业出版社@d2012
215    @a14, 353页@c图@d27cm
314    @a本书参编: 俞敏, 周琼, 张德先, 朱爱民, 徐向辉等
320    @a有书目 (第350-353页)
330    @a本书通过高铁上海虹桥站的建设案例, 剖析特大型城市高铁枢纽建设工程施工部署过程组织、项目展开安排、技术方案落实、质量和安全措施保障以及整个过程项目建设过程中与工程环境的协调和可持续发展。全书系统地研究了特大型高速铁路客站工程和城市大型交通设施工程建设的成功做法。
606 0  @a高速铁路@Agao su tie lu@x铁路车站@x工程施工@x施工组织@y上海市
690    @aU238@v5
701  0 @a陈东杰@Achen dong jie@4主编
701  0 @a钱培@Aqian pei@4主编
701  0 @a徐伟@Axu wei@4主编
702  0 @a俞敏@Ayu min@4参编
702  0 @a周琼@Azhou qiong@4参编
801  0 @aCN@b湖北三新@c20130427
905    @aZUCC@dU238@e16
    
    京沪高铁上海虹桥站工程施工组织技术研究与实践/陈东杰, 钱培, 徐伟主编.-北京:中国建筑工业出版社,2012
    14, 353页:图;27cm
    
    
    ISBN 978-7-112-14422-8(精装):CNY60.00
    本书通过高铁上海虹桥站的建设案例, 剖析特大型城市高铁枢纽建设工程施工部署过程组织、项目展开安排、技术方案落实、质量和安全措施保障以及整个过程项目建设过程中与工程环境的协调和可持续发展。全书系统地研究了特大型高速铁路客站工程和城市大型交通设施工程建设的成功做法。
●
相关链接 在五车中查询图书 在当当中查询图书 在豆瓣中查询图书


正题名:京沪高铁上海虹桥站工程施工组织技术研究与实践     索取号:U238/16         预约/预借

序号 登录号 条形码 馆藏地/架位号 状态 备注
1 2001359235   2001359235   218书库/ [索取号:U238/16] 在馆    
2 2001359236   2001359236   218书库/ [索取号:U238/16] 在馆    
3 2001359237   2001359237   603书库/ [索取号:U238/16] 在馆    
4 2001359238   2001359238   216-217主题书屋/ [索取号:U238/16] 在馆    
5 2001359239   2001359239   216-217主题书屋/ [索取号:U238/16] 在馆    
6 2001359240   2001359240   216-217主题书屋/ [索取号:U238/16] 在馆    
7 2001359241   2001359241   603书库/ [索取号:U238/16] 在馆    
8 2001359242   2001359242   603书库/ [索取号:U238/16] 在馆    
9 2001359243   2001359243   603书库/ [索取号:U238/16] 在馆    
10 2001359244   2001359244   218书库/ [索取号:U238/16] 在馆    
11 2001359245   2001359245   218书库/ [索取号:U238/16] 在馆    
12 2001359246   2001359246   216-217主题书屋/ [索取号:U238/16] 在馆    
13 2001359247   2001359247   216-217主题书屋/ [索取号:U238/16] 在馆    
14 2001359248   2001359248   216-217主题书屋/ [索取号:U238/16] 在馆    
15 2001359249   2001359249   218书库/ [索取号:U238/16] 在馆    
16 2001359250   2001359250   218书库/ [索取号:U238/16] 在馆    
17 2001359251   2001359251   603书库/ [索取号:U238/16] 在馆    
18 2001359252   2001359252   216-217主题书屋/ [索取号:U238/16] 在馆    
19 2001371874   2001371874   216-217主题书屋/ [索取号:U238/16] 在馆    
20 2001371875   2001371875   216-217主题书屋/ [索取号:U238/16] 在馆    
21 2001371876   2001371876   315书库/ [索取号:U238/16] 在馆    
22 2001371877   2001371877   216-217主题书屋/ [索取号:U238/16] 在馆    
23 2001371878   2001371878   216-217主题书屋/ [索取号:U238/16] 在馆    
24 2001371879   2001371879   216-217主题书屋/ [索取号:U238/16] 在馆    
25 2001371880   2001371880   315书库/ [索取号:U238/16] 在馆    
26 2001371881   2001371881   315书库/ [索取号:U238/16] 在馆    
27 2001371882   2001371882   315书库/ [索取号:U238/16] 在馆    
28 2001371883   2001371883   315书库/ [索取号:U238/16] 在馆    
29 2001371884   2001371884   315书库/ [索取号:U238/16] 在馆    
30 2001371885   2001371885   216-217主题书屋/ [索取号:U238/16] 在馆    
山东省滨州职业学院图书馆 欢迎您!
大连网信软件有限公司© 版权所有